Handbook of natural gas transmission and processing : principles and practices /

Written by an internationally-recognized author team of natural gas industry experts, the third edition of Handbook of Natural Gas Transmission and Processing is a unique, well-documented, and comprehensive work on the major aspects of natural gas transmission and processing. Two new chapters have b...

Descripción completa

Guardado en:
Autor Principal: Mokhatab, Saeid.
Otros Autores: Poe, William A., Mak, John Y.
Formato: Libro
Idioma:English
Publicado: Amsterdam : Gulf Professional Publishing is an imprint of Elsevier 2015
Edición:Third edition.
Materias:
Acceso en línea:Publisher description
Etiquetas: Agregar Etiqueta
Sin Etiquetas, Sea el primero en etiquetar este registro!
LEADER 02233cam a22003737a 4500
001 EIQ.libpla004589
008 150209t20152015ne#a#####b####001#0#eng#d
005 20160421110150.0
245 1 0 |a Handbook of natural gas transmission and processing :  |b principles and practices /  |c Saeid Mokhatab, William A. Poe, John Y. Mak. 
250 |a Third edition. 
264 1 |a Amsterdam :  |b Gulf Professional Publishing is an imprint of Elsevier  |c 2015 
264 4 |c ©2015 
300 |a xxx, 597 pages :  |b illustrations ;  |c 24 cm. 
338 |a volume  |b nc  |2 rdacarrier 
504 |a Incluye referencias bibliográficas e índice. 
520 |a Written by an internationally-recognized author team of natural gas industry experts, the third edition of Handbook of Natural Gas Transmission and Processing is a unique, well-documented, and comprehensive work on the major aspects of natural gas transmission and processing. Two new chapters have been added to the new edition: a chapter on nitrogen rejection to address today's high nitrogen gases and a chapter on gas processing plant operations to assist plant operators with optimizing their plant operations. In addition, overall updates to Handbook of Natural Gas Transmission and Processing provide a fresh look at new technologies and opportunities for solving current gas processing problems on plant design and operation and on greenhouse gases emissions. It also does an excellent job of highlighting the key considerations that must be taken into account for any natural gas project in development. 
020 |a 9780128014998 
020 |a 0128014997 
100 1 |a Mokhatab, Saeid. 
700 1 |a Poe, William A. 
700 1 |a Mak, John Y. 
082 0 4 |a 665.74  |2 23 
650 0 |a Natural gas 
650 0 |a Natural gas pipelines 
650 0 |a Gas manufacture and works 
650 7 |a Natural gas 
650 7 |a Gas natural 
650 7 |a Cañerías de gas natural 
650 7 |a Producción de gas y obras 
010 |a  2015933058 
040 |a OKU  |b eng  |c OKU  |e rda  |d YDXCP  |d BTCTA  |d OCLCF  |d EQO  |d DLC 
050 0 0 |a TN880  |b .M574 2015 
856 4 2 |3 Publisher description  |u http://www.loc.gov/catdir/enhancements/fy1606/2015933058-d.html 
859 |a AR-BbSID  |b BIB. PLAPIQUI  |h 665.74  |i M729  |p 6478